Krishna in Indian Art (Record no. 3738)

MARC details
000 -LEADER
fixed length control field 00399nam a22001697a 4500
003 - CONTROL NUMBER IDENTIFIER
control field OSt
005 - DATE AND TIME OF LATEST TRANSACTION
control field 20250327173835.0
008 - FIXED-LENGTH DATA ELEMENTS--GENERAL INFORMATION
fixed length control field 250327b |||||||| |||| 00| 0 eng d
020 ## - INTERNATIONAL STANDARD BOOK NUMBER
International Standard Book Number 9788182902114
082 ## - DEWEY DECIMAL CLASSIFICATION NUMBER
Classification number 755.945
Item number MISK
100 ## - MAIN ENTRY--PERSONAL NAME
Personal name Misra, Neeru
245 ## - TITLE STATEMENT
Title Krishna in Indian Art
260 ## - PUBLICATION, DISTRIBUTION, ETC.
Place of publication, distribution, etc. Gurgaon
Name of publisher, distributor, etc. Shubhi Publication
Date of publication, distribution, etc. 2010
300 ## - PHYSICAL DESCRIPTION
Extent 195p
546 ## - LANGUAGE NOTE
Language note English
942 ## - ADDED ENTRY ELEMENTS (KOHA)
Source of classification or shelving scheme Dewey Decimal Classification
Koha item type Book
Holdings
Withdrawn status Lost status Source of classification or shelving scheme Damaged status Not for loan Collection code Home library Current library Shelving location Date acquired Source of acquisition Cost, normal purchase price Inventory number Full call number Barcode Date last seen Price effective from Koha item type
    Dewey Decimal Classification     Non-fiction RIC Library RIC Library General Stacks 03/27/2025 Shubhi Publication 1975.00 199/21.02.2025 755.945 MISK 003037 03/27/2025 03/27/2025 Book

Venue

Rajasthan International Centre
Sansthan Path,JLN Marg, Jaipur- 302017
Phone: +91-7230904025